000 00332nam a2200145Ia 4500
100 _aAllen/ Christopher/ Chow/Vivian
942 _cRB
654 _acomputer
245 _aOracle Certified Professional
260 _bTata Mc Graw hill
_c2000
082 _a005.133'O'
_bALL/
300 _a1168
546 _aENGLISH
999 _c20378
_d20378